[Event "Elista FIDE GP"]
[Site "Elista"]
[Date "2008.12.27"]
[Round "12"]
[White "Kasimdzhanov, Rustam"]
[Black "Cheparinov, Ivan"]
[Result "1-0"]
[WhiteElo "2672"]
[BlackElo "2696"]
[Annotator "Ftacnik,L"]
[PlyCount "91"]
[EventDate "2008.12.14"]
[EventType "tourn"]
[EventRounds "13"]
[EventCountry "RUS"]
[EventCategory "19"]
[SourceTitle "CBM 128"]
[Source "ChessBase"]
[SourceDate "2009.01.28"]
[SourceVersion "1"]
[SourceVersionDate "2009.01.28"]
[SourceQuality "1"]

1. d4 Nf6 2. c4 g6 3. Nc3 Bg7 4. Nf3 O-O 5. e4 d6 6. Be2 e5 7. Be3 Ng4 8. Bg5
f6 9. Bh4 g5 10. Bg3 Nh6 11. d5 Nd7 12. O-O f5 13. exf5 Nc5 {In previous
grandmaster praxis the move 13...Nxf5 was preferred, but Cheparinov has his
own solutions in quite a few openings.} (13... Nxf5 14. Nd2 Nd4 (14... Nf6 15.
Nde4 Nxe4 (15... h6) 16. Nxe4 Nd4 (16... h6 17. h3 Kh8 18. Bg4 Bd7 19. b4 Qe7
20. Re1 Rad8 21. Rc1 $14 {0-1 Rossmann,H-Uhlmann,W/Stralsund 1975/ (46)}) 17.
Bg4 Bf5 18. Bxf5 Rxf5 19. f3 Qd7 20. Bf2 Raf8 $11 {1-0 Drasko,M (2510)
-Riemersma,L (2380)/Belgrade 1988 (57)}) 15. Nde4 Nxe2+ (15... h6 16. Bg4 Nf6
17. Bxc8 Rxc8 18. f3 $14) 16. Qxe2 h6 17. b4 (17. f3 Nf6 18. Bf2 b6 $1 19. b4
a5 20. a3 Nh5 $13) 17... Nf6 18. h3 (18. f3 Nh5 19. Bf2 Nf4 20. Qd2 Bf5 $13)
18... Bf5 19. Rfe1 Qd7 {0-1 David,A (2573)-Bologan,V (2683)/Moscow 2005 (32)})
14. Qd2 (14. h4 gxh4 15. Bxh4 Bf6 16. Bxf6 Qxf6 17. b4 e4 18. Nd4 Nxf5 19. Ndb5
Nh4 20. bxc5 Qg6 21. g3 Rf3 {0-1 Simeonidis,I (2283)-Tzermiadianos,A (2418)/
Kallithea 2003 (29)}) 14... g4 $1 $146 {This is the face of the novelty
prepared by Black; the white pieces should be robbed of harmony.} (14... Nf7
15. b4 Na6 16. Ne4 h6 17. Bd3 Bxf5 18. Rab1 Nh8 19. Qc2 Qe7 20. Rfe1 Rf7 21. b5
Nb8 22. c5 Bxe4 23. Bxe4 Nd7 24. cxd6 cxd6 25. Nd4 $16 {1-0 Kovalyov,A (2510)
-Henry,L (2118)/Ottawa 2007 (45)}) 15. Nh4 (15. Bh4 $2 Qe8 16. f6 gxf3 17. fxg7
Rf4 $1 18. Bxf3 (18. Bg5 Qg6 $17) (18. Bg3 fxe2 19. Rfe1 Rf6 $17) 18... Rxh4
19. b4 Na6 20. Ne4 Qg6 $17) 15... a5 16. f3 (16. f6 Qxf6 17. f3 e4 18. fxe4
Qd4+ 19. Qxd4 Bxd4+ 20. Bf2 Bxc3 21. bxc3 Nxe4 22. Bd4 Bd7 $11) 16... gxf3 17.
Rxf3 (17. Bxf3 Nxf5 18. Nxf5 Bxf5 19. Rae1 $11) 17... Ng4 $6 {Unfortunately
even Black's homework is not always perfect. Analysis of the critical position
hints that there were at least two sensible moves, that would deserve
preference to the knight move.} (17... Nxf5 18. Nxf5 Bxf5 19. Raf1 Qd7 20. Nb5
$14) (17... e4 $5 18. Rf2 Qe7 19. Qe3 Bxf5 20. h3 Bd7 $11) 18. h3 (18. Bd1 $1
e4 (18... Re8 19. Qe2 e4 20. Rf4 Bd4+ 21. Kh1 Nf6 22. Qd2 $16) 19. Rf4 e3 20.
Qe2 h5 21. h3 Be5 22. Ng6 Bxf4 23. Bxf4 Nf2 24. Qxh5 $18) 18... Bh6 19. Qe1 e4
{The transposition to te middlegame is reminiscent of a walk in a minefiled.
Both players are avoiding variations, that they deem favourable for the
opponent.} (19... Ne3 20. Bxe5 $1 dxe5 21. Qg3+ Kh8 (21... Kf7 22. f6 $18) (
21... Qg5 22. Rxe3 Kf7 23. Rf3 $16) 22. Qxe5+ Bg7 $1 (22... Qf6 23. Rxe3 Bxe3+
24. Qxe3 Qxh4 25. Qxc5 $16) 23. f6 $1 Bh6 (23... Bxf6 24. Qxe3 $16) 24. Rxe3
Nd7 25. Qg3 Bxe3+ 26. Qxe3 Qxf6 27. Nf3 $16) (19... Be3+ 20. Kh1 e4 21. hxg4
exf3 22. gxf3 Qf6 23. Bf1 $16) 20. Rf1 (20. hxg4 exf3 21. Nxf3 $1 Be3+ 22. Bf2
Qe7 23. Nd4 $16) 20... Ne5 (20... Ne3 21. Bf4 Bg5 22. Qg3 $1 Nxf1 23. Rxf1 h6
24. Be3 $1 Qf6 25. Bxc5 dxc5 26. Ng6 Rf7 27. h4 Bd2 28. Nb5 $16) 21. Bxe5 (21.
Bf4 $5 Bxf4 22. Rxf4 Qg5 23. Qd2 Ng6 24. Nxg6 hxg6 25. h4 Qh6 26. Raf1 Bxf5 27.
Nb5 $14) 21... dxe5 22. g4 $6 {The former world champion has solved the
problems with the clear intention of advancing his kingside pawn mass.
Unfortunately it leaves his dark squares critically vulnerable.} (22. Bg4 $1
Qf6 23. g3 $16) 22... Be3+ 23. Kh1 Ra6 24. Ng2 Bd4 (24... Rh6 25. Qg3 (25. Nxe3
Rxh3+ 26. Kg2 Rxe3 27. Qf2 Qg5 28. Nd1 Rxe2 29. Qxe2 Nd3 $13) 25... Bd4 26. Nb5
Qg5 $13) 25. Qg3 Qg5 (25... Bd7 26. Rab1 Rf7 $13) 26. Rad1 (26. Nb5 Rh6 27. h4
$1 (27. Nxc7 Rxf5 $1 $13) 27... Bxb2 28. Rab1 Qd2 29. Qe1 $16) 26... Bxf5 $2 {
[%mdl 2048] The more you have, the more you want... and the temperamental
young man is overreaching himself. Nearly any other sensible move was less
exposing, now White will be fully in the driving seat again.} (26... h5 $5 27.
Nb5 (27. h4 Qg7 28. g5 (28. Ne3 hxg4 29. Bxg4 Rh6 $11) 28... Bxf5 29. Ne3 Bg6
$11) 27... hxg4 28. Nxd4 exd4 29. Qxc7 Rh6 30. Qxc5 Rxh3+ 31. Kg1 d3 $11) (
26... Bd7 27. h4 Rh6 28. Qh2 $14) (26... Rh6 27. Kh2 $1 $14) 27. Nb5 $1 Qg7 (
27... Rf7 28. Nxd4 exd4 29. Rxd4 $16) (27... Rh6 28. Nxd4 exd4 29. Rxd4 $16)
28. Kh2 {Kasimdzhanov might have tried to win the piece with the strange move
28.Qa3!?, but the complications with Black's counterplay were too dangerous.
White is able to get an advantage with the help of peaceful means.} (28. Qa3 $5
Rh6 29. gxf5 e3 30. Rf3 Rxf5 31. Rdf1 (31. Nxd4 exd4 32. Nf4 Ne4 33. Rg1 Rg5
34. Rxg5 Nxg5 35. Rg3 Qe5 36. Rg4 Kf7 $16) 31... Rxf3 32. Rxf3 e4 33. Rxe3 Bxe3
34. Qxe3 $16) 28... Bg6 29. Rxf8+ Kxf8 $6 {One more unnatural move which
exposes the king and only makes an already critical position worse.} (29...
Qxf8 30. Nxd4 (30. g5 $5 Bxb2 31. Nxc7 Rb6 32. Nb5 $14) (30. Nxc7 $6 Rf6 $1 $15
) 30... exd4 31. Rxd4 Rf6 32. Kg1 $16) 30. Nxc7 $1 Rf6 (30... Qxc7 31. Rxd4 Rb6
32. Rd2 Nd3 33. b3 $16) 31. Nb5 Bxb2 (31... Kg8 32. Nxd4 exd4 33. Rxd4 Nd3 34.
Qe3 Rf2 35. d6 Rxe2 36. d7 Qe5+ 37. Kg1 Rxe3 38. d8=Q+ Kg7 39. Rd7+ Bf7 40.
Nxe3 Qg3+ 41. Ng2 $18) 32. g5 $1 {A tiny, but very important move. Black is
losing the chance to use the square f6 and White gains a tempo and a lovely
g4-square for his pieces.} Rf5 (32... Rf7 33. Rb1 Na4 34. Ne3 $1 (34. Rxb2 Nxb2
35. Qa3+ Kg8 36. Qxb2 Rf2 37. Nc3 Bh5 38. Kg1 Qf8 39. Qb6 $16) 34... Kg8 35.
Ng4 $18) 33. Bg4 Rf7 34. Rb1 $1 Nd3 35. Rxb2 $1 Nxb2 36. Qa3+ Kg8 (36... Ke8
37. Nd6+ $18) 37. Qxb2 {Kasimdzhanov has finally gained the decisive
positional and material advantage.} Rf1 (37... e3 38. Be6 $18) 38. Nd6 Qe7 39.
Be6+ Kf8 (39... Kh8 40. Qxe5+ $18) 40. Qxe5 Qg7 41. Qxg7+ Kxg7 42. Nxb7 Rf2 {
White's pawns have open files for their advance to the promotion squares, so
Cheparinov is trying the last desperate counterplay motive.} (42... Rc1 43. d6
$18) (42... Rb1 43. Nxa5 Bf7 44. Bxf7 Kxf7 45. c5 $18) 43. c5 Rd2 (43... e3 44.
Kg1 Rxa2 45. Nxe3 $18) 44. c6 e3 45. Kg3 e2 46. c7 1-0

[Event "EU-chT (Men) 17th"]
[Site "Novi Sad"]
[Date "2009.10.25"]
[Round "4"]
[White "Fressinet, Laurent"]
[Black "McShane, Luke J"]
[Result "1-0"]
[WhiteElo "2658"]
[BlackElo "2615"]
[Annotator "Krasenkow,M"]
[PlyCount "79"]
[EventDate "2009.10.22"]
[EventType "team-swiss"]
[EventRounds "9"]
[EventCountry "YUG"]
[SourceTitle "CBM 133"]
[Source "ChessBase"]
[SourceDate "2009.11.19"]
[SourceVersion "1"]
[SourceVersionDate "2009.11.19"]
[SourceQuality "1"]
[WhiteTeam "France"]
[BlackTeam "England"]
[WhiteTeamCountry "FRA"]
[BlackTeamCountry "ENG"]

1. d4 Nf6 2. c4 g6 3. Nc3 Bg7 4. e4 d6 5. Nf3 O-O 6. Be2 e5 7. Be3 Nbd7 8. O-O
Re8 9. Qc2 exd4 10. Nxd4 c6 11. Rad1 a6 {An alternative to the normal} (11...
Qe7) {Black wants either to prepare ...b7-b5 or to provoke a2-a4 and then play
...a6-a5. However, this plan is too slow: while Black is arranging his pieces
for ...b5, White will find a good moment to play a4.} 12. f3 {This move has
become quite popular recently. Other options:} (12. Rfe1) (12. Kh1) 12... d5 {
White is well prepared for this break, but in the event of "normal" play he
keeps a small positional advantage:} (12... Qc7 13. Qd2 Ne5 14. Rc1 Bd7 15.
Rfd1 Rad8 16. a4 a5 17. Bf1 Bc8 18. Qf2 $14 {0-1 Feller,S (2523)-Bacrot,E 
(2691)/Pau 2008/CBM 126 (32)}) 13. cxd5 cxd5 14. f4 $5 {[%mdl 4] An unusual
idea discovered by French players.} (14. Kh1 b5 $4 (14... dxe4 $5) (14... Qc7
$5 15. Nxd5 $140 Nxd5 16. exd5 Qxc2 17. Nxc2 Bxb2) 15. Bf4 $4 ({both players
missed} 15. Nc6 Qc7 16. Nxb5 $1 $18) 15... Qb6 $13 {1-0 Ovsejevitsch,S (2370)
-Komliakov,V (2535)/Nikolaev 1995/CBM 047 (28)}) 14... Nxe4 (14... dxe4 {
gives White a strong attack:} 15. g4 $1 h6 16. g5 hxg5 17. fxg5 Nh7 18. Rxf7 $3
{The point!} Nxg5 (18... Kxf7 19. Bc4+ Kf8 20. Qf2+ Nhf6 (20... Ndf6 21. Nb3
$18 {[%cal Re3c5]}) 21. Nc6 $3 bxc6 22. Bc5+ Nxc5 23. Rxd8 $18) (18... Bxd4 19.
Bxd4 Qxg5+ 20. Kh1 Kxf7 21. Nxe4 Rxe4 22. Qxe4 $18 {->}) 19. Rff1 Re5 20. Kh1
Kh7 21. Bf4 $16 {1-0 Feller,S (2539)-Apicella,M (2521)/Le Port Marly 2009/CBM
130 Extra (35)}) 15. Nxd5 Nef6 {Black must give up material to release White's
pressure.} (15... Ndc5 16. f5 $1 $40 Qxd5 $140 17. fxg6 $1 hxg6 18. Bc4 Qd7 19.
Nb3 $1 $18) 16. Nc7 Rxe3 17. Nxa8 Nd5 {The knight is trapped on a8 but can't
be picked up.} 18. Bc4 $1 N7f6 19. f5 Bd7 (19... Re8 20. Qb3 $1 $16) 20. Bxd5
Nxd5 21. Qc5 $1 Qxa8 $2 (21... Re5 {was the best attempt:} 22. Qd6 $1 (22. fxg6
hxg6 23. Nf3 Bf8 $1 24. Qa7 Rh5 25. Qxb7 Be6 {is even less convincing}) 22...
Qe7 ({or} 22... Ne3 23. Nf3 $1 Re7 24. Rfe1 $1 Nxf5 25. Qc7 Rxe1+ 26. Rxe1 Qxc7
27. Nxc7 Bxb2 28. Rb1 Ba3 29. Rxb7) 23. Qxe7 Rxe7 24. f6 $1 Nxf6 25. Nb6 {
In both variations White keeps the better prospects in the endgame but there
is a lot of fight remaining.}) 22. Qxd5 $18 {White is now an exchange up and
attacking.} Be8 23. f6 Bf8 24. Kh1 Qb8 25. Qg5 Re4 26. Rfe1 h6 27. Qg3 Rxe1+
28. Rxe1 Qd8 {The queen exchange is equally hopeless.} 29. Nf5 Kh7 (29... Qxf6
30. Nxh6+ Bxh6 31. Rxe8+ Bf8 32. h3 Qxb2 33. Qd6 Qg7 34. a4 $18) 30. Ne7 h5 31.
Qe5 Bb5 32. b3 Qd2 33. a4 Bd3 34. Rg1 Bc2 35. h3 Qb4 36. Rc1 (36. Rf1 $142 $1
Qxb3 37. Rf3 Qxa4 $140 38. Qb8 $18) 36... Qxb3 37. Kh2 $2 (37. Re1 $1 {[%cal
Re5b8]} Qb4 38. Re2 $1 h4 $1 (38... Qc4 39. a5 $1) 39. Qd5 $1 (39. Qb8 $2 Qd4
$1) 39... Qb1+ $1 (39... Bb3 40. Re4 $1) (39... Qb3 40. Rxc2 $1) 40. Kh2 Qb3 (
40... Bb3 41. Qe5 {[%cal Re5b8,Re2e4]} (41. Qg5 $18) 41... Qf1 42. Re4 Qf2 43.
Qg5 $18) 41. Qxb3 Bxb3 42. Re4 Kh6 43. Rxh4+ Kg5 44. Rb4 $18) 37... Bh6 $1 (
37... Qxa4 38. Qc7 $1 (38. Qb8 Qe4) 38... Bd3 (38... Be4 39. Rc4) 39. Qb8 Qe4
40. Rc8 Bf1 41. Qg3 Bxe7 (41... h4 42. Qg5) 42. fxe7 Bb5 (42... Qxe7 43. Qc3
$18) 43. Qc7 $18 Bf1 $140 44. Qc2 $1 Qe5+ 45. Kg1 Bb5 46. Qc3) 38. Rf1 Qd3 $4 {
[%mdl 8192] Losing at once. Meanwhile after} (38... h4 $1 39. Rf3 (39. Qb8 Qg3+
40. Qxg3 hxg3+ 41. Kxg3 Bxa4 {is probably better but White's task in this
endgame is far from easy}) 39... Qb4 $1 (39... Qe6 $143 40. Qxe6 fxe6 41. Rc3
$1 Bxa4 42. Rc4 $18 {[%cal Yc4h4]}) 40. Qb8 Bd2 $1 41. Nd5 (41. Qf8 $4 Bf4+)
41... Qc5 $1 42. Qxb7 Qd6+ 43. Kg1 Qe6 {White can hardly win.}) 39. Qb8 Bd2 40.
Qf8 1-0

[Event "World Cup"]
[Site "Khanty-Mansiysk"]
[Date "2009.11.25"]
[Round "2.2"]
[White "Gelfand, Boris"]
[Black "Amonatov, Farrukh"]
[Result "1-0"]
[WhiteElo "2758"]
[BlackElo "2631"]
[Annotator "Nielsen,Peter Heine"]
[PlyCount "81"]
[EventDate "2009.11.21"]
[EventType "k.o."]
[EventRounds "7"]
[EventCountry "RUS"]
[SourceTitle "CBM 134"]
[Source "ChessBase"]
[SourceDate "2010.01.18"]
[SourceVersion "1"]
[SourceVersionDate "2010.01.18"]
[SourceQuality "1"]

1. d4 Nf6 2. c4 g6 3. Nc3 Bg7 4. e4 d6 5. Nf3 O-O 6. Be2 e5 7. O-O c6 8. d5 Na6
9. Be3 Ng4 10. Bg5 f6 11. Bh4 c5 12. Ne1 Nh6 13. Nd3 g5 14. Bg3 f5 15. exf5
Bxf5 16. f3 Bg6 17. Be1 Nf5 18. Bd2 Nd4 19. Nf2 Nxe2+ 20. Qxe2 h6 21. Nfe4 Nc7
22. Rab1 b6 23. a3 Ne8 24. b4 Nf6 25. bxc5 bxc5 26. Rb7 Rf7 27. Rfb1 Rxb7 28.
Rxb7 Rb8 29. Rxa7 Rb2 30. Qd1 Qb6 31. Nxf6+ Bxf6 32. Qa4 Qd8 33. Ne4 Bxe4 34.
fxe4 Rb1+ 35. Kf2 Qf8 {# Gelfand played an excellent strategig game, and is
completely winning. Fritz 12 points out the prophylactic 36 Kg3! as the
easiest way to progress.} 36. Ra8 $2 Bd8+ 37. Kg3 $2 (37. Ke3 Rg1 38. Qd7 Qf4+
{is a draw by perpetual.}) 37... Rf1 $1 38. Be3 Re1 $1 39. Qb3 Re2 $1 40. h3 {
#' Amonatov's tactic of making a quick draw as White almost pays off, as he is
now one move away from eliminating the top seed.} Qf1 $4 (40... Kg7 {Once
again a prophylactic king move is required. It threatens 41...Qf1 and White's
only clearly insufficient try is 41 Rxd8.}) 41. Rxd8+ {Black resigns as he
probably missed} (41. Rxd8+ Kg7 42. Qb7+ Kg6 43. Rg8+ Kh5 44. Rxg5+ {#}) 1-0

[Event "London Classic"]
[Site "London"]
[Date "2009.12.13"]
[Round "5"]
[White "Nakamura, Hikaru"]
[Black "McShane, Luke J"]
[Result "0-1"]
[WhiteElo "2715"]
[BlackElo "2615"]
[Annotator "McShane,L"]
[PlyCount "110"]
[EventDate "2009.12.08"]
[EventType "tourn"]
[EventRounds "7"]
[EventCountry "ENG"]
[EventCategory "18"]
[SourceTitle "CBM 134"]
[Source "ChessBase"]
[SourceDate "2010.01.18"]
[SourceVersion "1"]
[SourceVersionDate "2010.01.18"]
[SourceQuality "1"]

1. d4 Nf6 2. c4 g6 3. Nc3 Bg7 4. e4 d6 5. Be2 O-O 6. Nf3 e5 7. O-O Na6 8. Be3
Ng4 9. Bg5 Qe8 10. c5 {A very sharp variation. This is a move which looks like
it should be premature, but when the position opens up the Qe8 and both
knights turn out to be on slightly silly squares whereas White's pieces
coordinate beautifully.} exd4 11. Nd5 Be6 $5 {A tricky and rare move.} 12. Be7
Bxd5 13. Bxf8 Qxf8 (13... Kxf8 $5 14. exd5 Nxc5 {deserved attention, with the
idea} 15. Nxd4 Ne3 $1) 14. exd5 dxc5 {A messy position. Black is trying to
coordinate his pieces to win the d5 pawn before White can create too many
threats.} 15. Qb3 Rb8 16. Rfe1 ({Spoiling the pawns is tempting but bad:} 16.
Bxa6 $6 bxa6 17. Qc2 Qd6 {and the d5 pawn drops off shortly.}) 16... Qd6 (16...
b5 {was a key idea which doesn't quite work here:} 17. Bxb5 c6 18. Qa4 $1 {
is good for White} (18. dxc6 Nc7 19. a4 a6 {would have been the point.})) 17.
h3 Nf6 18. Bxa6 (18. a3 $5 b5 $5 {was a critical possibility now.} 19. Bxb5 c6
20. dxc6 Nc7 21. a4 a6 22. Ne5 Qf8 $1 (22... axb5 23. Qxf7+ Kh8 24. axb5 {
and there are simply too many threats}) 23. Nd7 Nxd7 24. cxd7 {is the mess I
was trying to analyze during the game. Now} Qd8 $1 25. Qg3 $1 axb5 26. axb5 {
is still extremely messy.} Qxd7 27. Ra7 $1 {is the idea.}) ({But after} 18. a3
{there is nothing particularly wrong with the simpler line} c4 $5 19. Bxc4 Nc5
{and Black recovers the d5-pawn.}) 18... Qxa6 19. Rac1 (19. Ne5 Qd6 20. Nc6 $2
{doesn't work.} c4 $1 21. Qb5 a6 {and Black wins.}) 19... Bf8 20. Ne5 Qb6 $6 {
Allowing 21.d6.} (20... Bd6 $5 {was better, and then} 21. Qf3 (21. Nd3 Nd7 {
leaves White struggling for counterplay against ...b7-b5}) 21... Bxe5 22. Rxe5
Qd6 23. Rce1 Rf8 $1 {looks like giving Black slightly better chances.}) 21. Qf3
$6 {Maybe too ambitious.} (21. d6 $1 Qxb3 22. dxc7 $1 Rc8 23. axb3 Nd5 $5 {
and after the natural moves} 24. Nd3 b6 25. b4 $1 Rxc7 26. Re5 Nf6 27. bxc5
bxc5 {[%cal Yf8d6] the position looks balanced.} 28. Nxc5 $2 Bd6 $19) 21... Qd6
22. g4 {Black was threatening Kg7 (to defend the Nf6) and then Qxd5.} (22. Nxf7
$2 {leads nowhere:} Kxf7 23. Re6 Qd8 {followed by Kf7-g7 and wins.}) 22... Bh6
23. Rc2 Re8 $1 {Deflecting White's rook from the c-file is an important idea.}
(23... Rf8 $6 24. Nd3 b6 25. b4 $1 {was best avoided, intending} cxb4 $2 26.
Rc6) 24. Rce2 Rf8 {With the d5-pawn about to drop, White is in trouble.} 25.
Nc4 $5 (25. Rc2 $5 {was tricky, but Black should just play} b6 (25... Nxd5 26.
Nc4 Qd8 27. Na5 $1 {is the nifty idea, as} b6 28. Nc6 Qd6 29. Qxd5 $1 {wins})
26. Nc6 Qf4 {with the advantage.}) 25... Qxd5 26. Qxf6 Bg7 $1 {An important
intermezzo, even though White gains the extra option of retreating the queen
to f4.} (26... Qxc4 27. Re8 {it turns out this is not just a better version
for White compared with the game - he has the advantage as well!} Qd5 28. Rxf8+
Bxf8 29. Re8 {and here is the crucial difference - in the game Black could
play ...Kg7 here to defend against the threat of Qe7} Qd6 (29... Qd7 30. Rd8
Qe6 31. Qxe6 fxe6 32. Kf1 {is similarly problematic}) 30. Qxd6 cxd6 31. Ra8 {
and Black's queenside is in trouble.}) 27. Qh4 (27. Qf4 Qxc4 28. Re8 {was a
decent alternative. The c7-pawn comes under attack and the d-pawn is
temporarily pinned.} Qd5 29. Qxc7 d3 {should still give Black the better
chances.}) 27... Qxc4 28. Re8 Qd5 29. Rxf8+ Bxf8 30. Re8 Kg7 $1 {Stepping out
of the pin.} 31. g5 (31. Qd8 Qxd8 32. Rxd8 a5 {and b7-b6 / Bf8-d6 covers all
the pawns, so all the winning chances are with Black.}) 31... Qd6 {Now the
check on h6 leads nowhere.} 32. Kf1 b5 33. Ke1 c4 34. Qe4 c5 $2 {This natural
move actually gives up a fair bit of my advantage. The pawn phalanx remains
solid, but the bishop on f8 gets shut in.} (34... d3 $1 35. Qe5+ Qxe5+ 36. Rxe5
c6 {was possible. I didn't like having all my pawns on light squares but there
are important dynamic benefits, and they are not so easy to attack after all.
For example} 37. Re8 Bd6 38. Rc8 Be5 $1 39. Rxc6 Bxb2 40. Kd2 Ba3 41. Rc7 $2
Bd6 $1 42. Rxa7 Bb4+ 43. Kd1 (43. Ke3 Bc5+) 43... c3 {and White can resign.})
35. h4 $5 c3 (35... b4 {allows} 36. Qf3 $1 {threatening Qf3-f6+} Be7 37. Qa8
Bf8 38. Qf3 {which more or less forces a draw. So perhaps 35.Qf3 Be7 36.h4!?
was the toughest defence after all, although Black has other options there.})
36. bxc3 dxc3 37. Qe5+ {White has run out of attacking ideas, so has to seek
his chances without queens.} (37. Qf3 $2 Qd2+ 38. Kf1 c2 {is strong now -} 39.
Qf6+ Kg8 40. Qe7 c1=Q+ 41. Kg2 Qd5+ {wins.}) 37... Qxe5+ 38. Rxe5 a5 39. Kd1 (
39. Re8 b4 $1 (39... a4 $6 40. Ra8 {stops the pawns}) 40. Kd1 (40. Ra8 c4 $1
41. Rxa5 b3 42. Kd1 c2+ 43. Kc1 Bb4 {and Bb4-c5 comes next, winning.}) 40... a4
{would be similar to the game.}) 39... a4 40. a3 $5 {A committal decision, but
not a bad one I feel.} (40. Kc2 b4 41. Rd5 {is not obviously bad, but I can
see why this didn't appeal. Black retains the option of playing ...a4-a3 and
slowly trying to create problems on the kingside. By fixing the pawn on a4,
Black has to play with some urgency.}) 40... b4 41. Kc2 {The time control is
reached, and Black still has winning chances, but it's not easy to see how to
continue.} h6 $1 (41... f5 {was my first instinct, as its very natural to try
to bring the king over, but I realised that checks from the side would prove
quite annoying.} 42. Re8 Kf7 43. Ra8 b3+ 44. Kxc3 Bg7+ 45. Kd2 (45. Kd3 {
might have been even better}) 45... c4 46. Ra7+ {with at least a draw.}) (41...
h5 {was also possible, but it is sometimes useful to soften up the g5-square.})
42. Rd5 $2 {For a while I thought this was the losing mistake, but perhaps it
is not.} (42. Re8 {was better, and I can't find anything more than a draw} hxg5
43. hxg5 Bd6 44. Ra8 b3+ 45. Kxc3 Be5+ 46. Kd2 (46. Kd3 $2 c4+ $1 47. Kxc4 b2 {
forces a pawn through as the bishop controls b8}) 46... c4 47. Rxa4 c3+ 48. Kc1
Bd6 49. Kb1 {and now White threatens Ra4-c4, so Black has to take a draw with}
c2+ 50. Kb2 Be5+ 51. Kc1 Bd6 {neither side can make progress as the rook must
guard f4 and a3.}) 42... hxg5 43. hxg5 Kh7 $1 {Creating a space on g7 so that
the bishop defends c3.} 44. Rd7 $2 ({I think} 44. axb4 $1 {was the last chance.
After} cxb4 45. Rb5 $1 {the pawns are held up for a while.} (45. Ra5 $2 b3+ 46.
Kxc3 Bb4+ $1 {is a vital resource. After} 47. Kxb4 b2 {the pawn can't be
stopped}) 45... Kg7 46. f3 {here I cannot find a way for Black to make
progress, as the rook hassles the bishop so the king doesn't have time to get
out from g7. Omitting 42....hxg5 would allow h6-h5 in this position but I'm
not sure that helps.}) 44... Bg7 $1 45. Rxf7 b3+ 46. Kb1 ({After} 46. Kc1 Kg8
47. Ra7 Bd4 48. Rxa4 Kf7 $1 {wins just as in the game.}) 46... Kg8 ({One idea
which I considered actually loses!} 46... c4 $4 47. Ra7 c2+ 48. Kc1 c3 49. Rxa4
Bf8 {White is in a mating net, but after} 50. Rb4 $1 Bxb4 51. axb4 {it's Black
that can resign}) 47. Ra7 Bd4 $1 48. Rxa4 Kf7 $1 {With the reinforcements
finally arriving it's all over.} 49. Ra6 (49. Rxd4 cxd4 50. a4 d3 {wins.})
49... Be5 $1 {using the f4-square} 50. Ra4 Ke6 51. Rh4 Kd5 52. a4 c4 53. Rh1
c2+ 54. Kc1 c3 55. Rh4 (55. Rh3 Bf4+ 56. Re3 Bxe3+ 57. fxe3 Ke4 58. a5 Kd3 59.
a6 b2# $1 {mate.}) 55... Bd6 0-1